LEADER 00852nam0-22003011i-450- 001 990002035400403321 005 20021010 035 $a000203540 035 $aFED01000203540 035 $a(Aleph)000203540FED01 035 $a000203540 100 $a20021010d--------km-y0itay50------ba 101 0 $aita 200 1 $a<>hanneton$ebiologie, apparition, destruction$eun siecle de lutte organisee dans le canton de Zurich esperiencesrecentes.$fM. Decoppet 210 $aLausanne$cPayot & Co.$d1920 215 $a130 p.$d28 cm 610 0 $aColeotteri 610 0 $aScarabeidi 676 $a595.7649 700 1$aDecoppet,$bM.$086520 801 0$aIT$bUNINA$gRICA$2UNIMARC 901 $aBK 912 $a990002035400403321 952 $a61 V B.6/12$b149$fDAGEN 959 $aDAGEN 996 $aHanneton$9404476 997 $aUNINA DB $aING01 LEADER 01114nas 2200373 a 450 001 996398446603316 005 20210707152353.0 011 $a1758-4221 035 $a(OCoLC)38499952 035 $a(CKB)954928471084 035 $a(CONSER) 65009997 035 $a(MiAaPQ)25903 035 $a(DE-599)ZDB1477132-9 035 $a(EXLCZ)99954928471084 100 $a20751027a19669999 uy a 101 0 $aeng 135 $aur||||||||||| 181 $ctxt$2rdacontent 182 $cc$2rdamedia 183 $acr$2rdacarrier 200 10$aAnti-corrosion methods and materials$b[e-journal] 210 $aBradford, England $cEmerald Group Pub 300 $aRefereed/Peer-reviewed 311 $a0003-5599 606 $aCorrosion and anti-corrosives$vPeriodicals 606 $aCorrosion and anti-corrosives$2fast$3(OCoLC)fst00880341 608 $aPeriodicals.$2fast 615 0$aCorrosion and anti-corrosives 615 7$aCorrosion and anti-corrosives. 676 $a620.1122 906 $aJOURNAL 912 $a996398446603316 996 $aAnti-corrosion methods and materials$9800592 997 $aUNISA LEADER 02389nam0 2200565 i 450 001 VAN00124591 005 20240806100816.778 017 70$2N$a9783319718408 100 $a20191022d2018 |0itac50 ba 101 $aeng 102 $aCH 105 $a|||| ||||| 200 1 $aClasses of Directed Graphs$fJørgen Bang-Jensen, Gregory Gutin editors 210 $aCham$cSpringer$d2018 215 $axxii, 636 p.$cill.$d24 cm 410 1$1001VAN00030486$12001 $aSpringer monographs in mathematics$1210 $aBerlin [etc.]$cSpringer$d1989- 500 1$3VAN00236157$aClasses of Directed Graphs$91564674 606 $a05Cxx$xGraph theory [MSC 2020]$3VANC022400$2MF 606 $a68Wxx$xAlgorithms in computer science [MSC 2020]$3VANC021296$2MF 606 $a90C27$xCombinatorial optimization [MSC 2020]$3VANC031074$2MF 606 $a94A60$xCryptography [MSC 2020]$3VANC019699$2MF 606 $a94C15$xApplications of graph theory to circuits and networks [MSC 2020]$3VANC031126$2MF 610 $aAcyclic digraphs$9KW:K 610 $aAlgorithm analysis and problem complexity$9KW:K 610 $aDirected graphs$9KW:K 610 $aDirected graphs classes$9KW:K 610 $aDirected width parameters$9KW:K 610 $aDisjoint paths$9KW:K 610 $aEuler digraphs$9KW:K 610 $aFeedback sets$9KW:K 610 $aGraph branchings$9KW:K 610 $aGraph connectivity$9KW:K 610 $aGraph products$9KW:K 610 $aHamiltonian cycles$9KW:K 610 $aHamiltonian paths$9KW:K 610 $aOrientations of graphs$9KW:K 610 $aPlanar digraphs$9KW:K 610 $aTournaments generalizations$9KW:K 620 $aCH$dCham$3VANL001889 702 1$aBang-Jensen$bJørgen$3VANV096020 702 1$aGutin$bGregory$3VANV096021 712 $aSpringer $3VANV108073$4650 801 $aIT$bSOL$c20241115$gRICA 856 4 $uhttp://doi.org/10.1007/978-3-319-71840-8$zE-book ? Accesso al full-text attraverso riconoscimento IP di Ateneo, proxy e/o Shibboleth 899 $aBIBLIOTECA DEL DIPARTIMENTO DI MATEMATICA E FISICA$1IT-CE0120$2VAN08 912 $fN 912 $aVAN00124591 950 $aBIBLIOTECA DEL DIPARTIMENTO DI MATEMATICA E FISICA$d08DLOAD e-book 1061 $e08eMF1061 20191022 996 $aClasses of Directed Graphs$91564674 997 $aUNICAMPANIA